000 00484nam a2200169 i 4500
001 11787
003 ES-MaACL
007 t|
008 961104s1996 sp ||||1| spa d
020 _a84-605-4526-1
080 _a860-14"19"
100 1 _aPerea, Antonio.
_990433
245 1 0 _aAntología de romances y otros poemas /
_cAntonio Perea.
260 _aMadrid :
_bEl autor,
_c1996.
300 _a171 p. ;
_c22 cm.
852 _aES-MaACL
_jG-4155
_bR.124987
_q. - Ded. autógr. del autor
999 _c11787
_d11787